Discurso leído ante el claustro de la Universidad Central / (Record no. 53392)
[ view plain ]
| 000 -LEADER | |
|---|---|
| campo de control de longitud fija | 01436nam a22002775i 4500 |
| 001 - NÚMERO DE CONTROL | |
| campo de control | 53392 |
| 003 - IDENTIFICADOR DE NÚMERO DE CONTROL | |
| campo de control | ES-MaACL |
| 005 - FECHA Y HORA DE LA ÚLTIMA TRANSACCIÓN | |
| campo de control | 20250703063058.0 |
| 007 - CAMPO FIJO DE DESCRIPCIÓN FÍSICA--INFORMACIÓN GENERAL | |
| campo de control de longitud fija | t| |
| 008 - DATOS DE LONGITUD FIJA--INFORMACIÓN GENERAL | |
| campo de control de longitud fija | 950922e1864 sp ||||1| spa d |
| 040 ## - FUENTE DE CATALOGACIÓN | |
| Centro catalogador/agencia de origen | CAM |
| Lengua de catalogación | spa |
| Centro/agencia transcriptor | CAM |
| 080 ## - NÚMERO DE LA CLASIFICACIÓN DECIMAL UNIVERSAL | |
| Número de la Clasificación Decimal Universal | 930.1 |
| 100 1# - ENTRADA PRINCIPAL--NOMBRE DE PERSONA | |
| Nombre de persona | Salmerón y Alonso, Nicolás, |
| Fechas asociadas al nombre | 1838-1908 |
| 9 (RLIN) | 101996 |
| Término indicativo de función/relación | Autor |
| 245 10 - MENCIÓN DEL TÍTULO | |
| Título | Discurso leído ante el claustro de la Universidad Central / |
| Mención de responsabilidad, etc. | por Nicolás Salmerón y Alonso en el solemne acto de recibir la investidura de Doctor en Filosofía y Letras. |
| 260 ## - PUBLICACIÓN, DISTRIBUCIÓN, ETC. | |
| Lugar de publicación, distribución, etc. | Madrid : |
| Nombre del editor, distribuidor, etc. | [s.n.], |
| Fecha de publicación, distribución, etc. | 1864 |
| Fabricante | (Imp. de F. Martínez García) |
| 300 ## - DESCRIPCIÓN FÍSICA | |
| Extensión | 69 páginas ; |
| Dimensiones | 19 cm. |
| 500 ## - NOTA GENERAL | |
| Nota general | En portadilla, tema del discurso: La historia universal tiende, desde la Edad Antigua a la Edad Media y la Moderna, a restablecer al hombre en la entera posesión de su naturaleza, y en el libre y justo ejercicio de sus fuerzas y relaciones para el cumplimiento del destino providencial de la humanidad |
| 530 ## - NOTA DISPONIBLE DE FORMULARIO FÍSICO ADICIONAL | |
| Nota de formato físico adicional disponible | Disponible en formato digital |
| 650 #4 - PUNTO DE ACCESO ADICIONAL DE MATERIA--TÉRMINO DE MATERIA | |
| Término de materia o nombre geográfico como elemento de entrada | Historia- |
| Subdivisión general | Filosofía. |
| 9 (RLIN) | 13380 |
| 710 2# - ENTRADA AGREGADA--NOMBRE DE ENTIDAD CORPORATIVA | |
| Nombre de entidad corporativa o nombre de jurisdicción como elemento de entrada | Universidad Central (Madrid) |
| Término indicativo de función/relación | entidad responsable |
| 9 (RLIN) | 7084 |
| 852 ## - LOCALIZACIÓN | |
| Ubicación | ES-MaACL |
| Ubicación en estantería | Sala Valle Inclán |
| Anotaciones manuscritas | Firma autógrafa de Antonio Aura Boronat |
| Donativo/Legado | Donativo de Antonio Aura Boronat |
| Número de control de estantería | D-4707(3) |
| 856 ## - LOCALIZACIÓN Y ACCESO ELECTRÓNICOS | |
| Identificador Uniforme de Recursos | <a href="https://bdh-rd.bne.es/viewer.vm?id=0000054072&page=1">https://bdh-rd.bne.es/viewer.vm?id=0000054072&page=1</a> |
| Texto de enlace | Versión en línea |
| Nota pública | (Biblioteca Digital Hispánica) |
| 942 ## - ELEMENTOS DE ENTRADA SECUNDARIOS (KOHA) | |
| Fuente del sistema de clasificación o colocación | Clasificación decimal universal |
| Tipo de ítem Koha | Libro impreso antiguo |
| Suprimir en OPAC | No |
| Estatus retirado | Estado de pérdida | Fuente del sistema de clasificación o colocación | Estado de daño | No para préstamo | Colección | Biblioteca de origen | Biblioteca actual | Ubicación en estantería | Fecha de adquisición | Fuente de adquisición | Total de préstamos | Signatura topográfica completa | Código de barras | Visto por última vez | Tipo de ítem Koha |
|---|---|---|---|---|---|---|---|---|---|---|---|---|---|---|---|
| Clasificación decimal universal | Colección digital | Biblioteca del Ateneo de Madrid | Biblioteca del Ateneo de Madrid | Sala Valle Inclán | 17/01/2008 | Donación | D-4707(3) | 901056102 | 23/02/2023 | Libro impreso antiguo |
